LEADER 00956nam a2200193 4500 001 000000339158 003 CaOOAMICUS 005 20200203094918.0 008 200203s1830 it 000 u ita r 040 $aSeMil$bita 245 00$a1: A-ALZ. 264 1$aFirenze :$bPer V. Batelli e figli,$c1830. 300 $aLXII, 558 p. ;$c24 cm 773 0 $tDizionario delle scienze naturali nel quale si tratta metodicamente dei differenti esseri della natura, ... accompagnato da una biografia de' pił celebri naturalisti, opera utile ai medici, agli agricoltori, ai mercanti, agli artisti, ai manifattori, ....$dFirenze : Per V. Batelli e figli, 1830-1851.$g1$w()339157 850 $aSeMil 852 $aSeMil$W1$xVenegono$y1$m3XB II 1 FA$j218340$B230278$CSeMilBibl$Z2$F230278 $8I 996 $6245$a1: A-ALZ$9(OLS)http://semarc/title/427957 996 $6264$aFirenze :$bPer V. Batelli e figli$9(OLS)http://semarc/publisher/58818 LEADER 01305nam a2200265 i 4500 001 000000107567 003 CaOOAMICUS 005 20220928122216.0 008 040802s1995 it u000 u ita u 013 $a79838 040 $aSeMil$bita 110 0 $aAssociazione Arte e Spiritualitą.$0(OLS)http://semarc/name/45281 245 13$aLa scultura /$cCollezione d'Arte Contemporanea, Associazione Arte e Spiritualitą, Brescia ; a cura di Cecilia De Carli. 260 $aBrescia :$bAssociazione Arte e Spiritualitą,$ccopyr. 1995. 300 $a254 p. :$briccamente ill. ;$c28 cm 500 $aContiene : Appendice ; Bibliografia generale. 650 4$aBrescia - Associazione arte e spiritualitą - Collezioni.$0(OLS)http://semarc/subject/18909 650 4$aScultura - Sec. 20. - Collezioni - Brescia - Associazione arte e spiritualitą.$0(OLS)http://semarc/subject/18911 700 1 $aDe Carli, Cecilia,$d<1948- >.$0(OLS)http://semarc/name/20610 850 $aSeMil 852 $aSeMil$W1$xVenegono$y1$m5Q VII 14$j220552$B63663$CSeMilBibl$Z2$F85284 $8I 961 $aOmaggio: Citterio Ecc. Bernardo 996 $6245$aLa scultura$9(OLS)http://semarc/title/18764 996 $6260$aBrescia :$bAssociazione Arte e Spiritualitą$9(OLS)http://semarc/publisher/35284